000 00654nam a2200253Ia 4500
003 OSt
005 20220918215928.0
006 a|||||r|||| 00| 0
007 ta
008 220917b |||||||| |||| 00| 0 eng d
024 _a143,440
037 _cTextual
040 _aARTS
_cARTS
_beng
041 _2eng
_aeng
082 _aY138.2.N6, L3-;2
100 _aDesai A R
_925396
245 0 _aRecent trends in Indian Nationalism
250 _a2nd
260 _aBombay
_bPopular India
_c1973
300 _a143p.
_ccm.
650 _aSOCIOLOGY
942 _hY138.2.N6, L3-;2
_cTEXL
_2CC
999 _c266393
_d266393